Transborder data flows: access to the international on-line data-base market

Enregistré dans:
Détails bibliographiques
Format: Livre
Langue:anglais
Publié: Amsterdam North-Holland 1983
Collection:Transnational corporations and transborder data flows Volume 2
Sujets:
Tags: Ajouter un tag
Pas de tags, Soyez le premier à ajouter un tag!

MARC

LEADER 00000nam a2200000 4500
001 c101985
005 20221123135859.3
020 |a 0-444-87515-8 
041 0 |a eng 
044 |a nl 
245 1 0 |a Transborder data flows:  |b access to the international on-line data-base market 
264 1 |a Amsterdam  |b North-Holland  |c 1983 
300 |a 129 s. 
490 1 |a Transnational corporations and transborder data flows  |v Volume 2 
830 0 |a Transnational corporations and transborder data flows  |v Volume 2 
610 2 0 |a informácie 
610 2 0 |a systémy informačné 
610 2 0 |a technológie informačné 
610 2 0 |a báza dát 
610 2 0 |a tok informácií 
610 2 0 |a náklady 
610 2 0 |a využitie počítačov 
610 2 0 |a telekomunikácie 
610 2 0 |a krajiny rozvojové 
610 2 0 |a spoločnosti